Weapons of mass persuasion : marketing the war against Irap

Αποθηκεύτηκε σε:
Λεπτομέρειες βιβλιογραφικής εγγραφής
Κύριος συγγραφέας: Rutherford, Paul 1944-
Μορφή: Βιβλίο
Γλώσσα:English
Δημοσίευση: Toronto ; : Buffalo : University of Toronto Press, 2004
Θέματα:
Ετικέτες: Προσθήκη ετικέτας
Δεν υπάρχουν, Καταχωρήστε ετικέτα πρώτοι!

MARC

LEADER 00000nam a2200000 i 4500
001 1/68754
008 041210s2004 eng d
020 |a 0-8020-8651-9 
035 |l 10075836 
040 |a GR-MY-UA  |b gre  |e aacr 
041 0 |a eng 
082 0 |a 956.704438  |2 (21) 
100 1 |a Rutherford, Paul  |d 1944- 
245 1 0 |a Weapons of mass persuasion :  |b marketing the war against Irap /  |c Paul Rutherford 
260 |a Toronto ; :   |a Buffalo :   |b University of Toronto Press,   |c 2004 
300 |a 226 p.;  |b ill.;  |c 21 cm 
504 |a Includes bibliographical refernces and index 
650 0 0 |a Iraq War, 2003. 
650 0 0 |a War in mass media. 
650 0 0 |a Iraq War, 2003  |x Public opinion. 
852 |a INST  |b RHODES  |e 20041210  |h 956.704438 RUT  |p 005400018194  |q 005400018194  |t BK  |y 0 
901 |a BIBL4-2004-3 
909 |a Ρ  |b 110142 
920 |a ΕΡΓΑΣΤΗΡΙΟ ΜΕΣΟΓΕΙΑΚΗΣ ΠΟΛΙΤΙΚΗΣ  |b ΕΠΕΑΕΚ-ΤΜΣ  |y ΡΟΔΟΣ  |z 2004-11 
922 |a 4ΕΛΗ 
970 |a ΧΟΡΟΖΙΔΟΥ  |b ΤΖΕΝΗ  |z 2004/12/10